[Event "Batumi Municipality Cup"]
[Site "Batumi"]
[Date "2017.07.08"]
[Round "7"]
[White "Al Hajiri, Bader"]
[Black "Zhorzholiani, Meri"]
[Result "0-1"]
[WhiteElo "2184"]
[BlackElo "2119"]
[PlyCount "66"]
[EventDate "2017.07.02"]
[EventType "swiss"]
[EventRounds "9"]
[EventCountry "GEO"]
[SourceTitle "CBM 179 Extra"]
[Source "ChessBase"]
[SourceDate "2017.08.23"]
[SourceVersion "1"]
[SourceVersionDate "2017.08.23"]
[SourceQuality "1"]

1. e4 e6 2. d4 d5 3. Nc3 Nf6 4. Bg5 dxe4 5. Nxe4 Be7 6. Bxf6 Bxf6 7. Nf3 0-0 8. Qd3 Nd7 9. 0-0-0 Be7 10. h4 Nf6 11. Neg5 c5 12. g4 cxd4 13. Be2 Qa5 14. Kb1 e5 15. Nd2 Be6 16. Nxe6 fxe6 17. Ne4 Nxe4 18. Qxe4 Qd5 19. Qd3 Rxf2 20. g5 Rc8 21. Rc1 e4 22. Qd1 d3 23. cxd3 Rxc1+ 24. Kxc1 exd3 25. Bxd3 Qxa2 26. Be2 Rf5 27. Bd3 Rc5+ 28. Kd2 Qxb2+ 29. Ke3 Re5+ 30. Kf3 Bc5 31. Rf1 Re3+ 32. Kg4 Qd4+ 33. Rf4 Qxd3 0-1

[Event "Batumi Municipality Cup"]
[Site "Batumi"]
[Date "2017.07.04"]
[Round "3"]
[White "Tutisani, Noe"]
[Black "Zhorzholiani, Meri"]
[Result "0-1"]
[WhiteElo "2383"]
[BlackElo "2119"]
[PlyCount "78"]
[EventDate "2017.07.02"]
[EventType "swiss"]
[EventRounds "9"]
[EventCountry "GEO"]
[SourceTitle "CBM 179 Extra"]
[Source "ChessBase"]
[SourceDate "2017.08.23"]
[SourceVersion "1"]
[SourceVersionDate "2017.08.23"]
[SourceQuality "1"]

1. e4 e6 2. d4 d5 3. Nc3 Nf6 4. Bg5 dxe4 5. Nxe4 Be7 6. Bxf6 Bxf6 7. Nf3 0-0 8. Qd2 b6 9. 0-0-0 Bb7 10. Bd3 Nd7 11. h4 Be7 12. Qe2 Nf6 13. Neg5 h6 14. Ne5 Qc8 15. f4 c5 16. Bc4 b5 17. Bxb5 cxd4 18. Rxd4 Qc5 19. Rd7 Bd5 20. Qd3 Bxg2 21. Ngxf7 Rxf7 22. Qg6 Bxh1 23. Qxf7+ Kh8 24. Rd1 Be4 25. Bd3 Qe3+ 26. Kb1 Bxd3 27. Nxd3 Bd6 28. Re1 Qg3 29. a4 Bxf4 30. Rxe6 Qg1+ 31. Re1 Qd4 32. Re7 Qg1+ 33. Ka2 Bd6 34. Rb7 Rc8 35. Qe6 Rd8 36. a5 Qd4 37. Qf7 Ne4 38. Rxa7 Rf8 39. Qd7 Qc4+ 0-1

[Event "Batumi Municipality Cup"]
[Site "Batumi"]
[Date "2017.07.03"]
[Round "2"]
[White "Zhorzholiani, Meri"]
[Black "Pogosyan, Stefan"]
[Result "0-1"]
[WhiteElo "2119"]
[BlackElo "2314"]
[PlyCount "70"]
[EventDate "2017.07.02"]
[EventType "swiss"]
[EventRounds "9"]
[EventCountry "GEO"]
[SourceTitle "CBM 179 Extra"]
[Source "ChessBase"]
[SourceDate "2017.08.23"]
[SourceVersion "1"]
[SourceVersionDate "2017.08.23"]
[SourceQuality "1"]

1. e4 e5 2. Nf3 Nc6 3. Nc3 Nf6 4. Be2 Bb4 5. Nd5 Ba5 6. c3 d6 7. d3 Nxd5 8. exd5 Ne7 9. Qa4+ c6 10. dxc6 bxc6 11. Bg5 f6 12. Be3 0-0 13. 0-0 Be6 14. Rfe1 Bc7 15. Bf1 a5 16. Nd2 Qd7 17. d4 Rab8 18. dxe5 fxe5 19. Nc4 Nd5 20. Rad1 Qf7 21. Rd2 Nxe3 22. Rxe3 Bd5 23. b3 Kh8 24. Qa3 e4 25. g3 Bxc4 26. Bxc4 d5 27. Rxe4 Qg6 28. Bxd5 cxd5 29. Red4 Bb6 30. Rxd5 Bxf2+ 31. Kg2 Be3 32. Qxa5 Qe4+ 33. Kh3 Qe6+ 34. Kg2 Bxd2 35. Rxd2 Qe1 0-1

[Event "EU-ch (Women) 16th"]
[Site "Chakvi"]
[Date "2015.05.24"]
[Round "6"]
[White "Zhorzholiani, Meri"]
[Black "Mamedjarova, Zeinab"]
[Result "1-0"]
[WhiteElo "2071"]
[BlackElo "2235"]
[PlyCount "123"]
[EventDate "2015.05.19"]
[EventType "swiss"]
[EventRounds "11"]
[EventCountry "GEO"]
[SourceTitle "CBM 166 Extra"]
[Source "ChessBase"]
[SourceDate "2015.06.18"]
[SourceVersion "1"]
[SourceVersionDate "2015.06.18"]
[SourceQuality "1"]

1. e4 d6 2. d4 Nf6 3. Nc3 Nbd7 4. Nf3 e5 5. g3 Be7 6. Bg2 0-0 7. 0-0 c6 8. a4 a5 9. Re1 Re8 10. b3 Qc7 11. Bb2 Nf8 12. Nh4 Bg4 13. f3 Bd7 14. Nf5 Bxf5 15. exf5 Rad8 16. Qd2 N8d7 17. Nd1 d5 18. Nf2 Bd6 19. dxe5 Nxe5 20. Re2 Re7 21. f4 Neg4 22. Rxe7 Bxe7 23. Bd4 c5 24. Nxg4 Nxg4 25. Bf2 c4 26. Bd4 Bc5 27. Rd1 Qb6 28. h3 cxb3 29. cxb3 Nh6 30. Bxc5 Qxc5+ 31. Qd4 Qxd4+ 32. Rxd4 Nxf5 33. Rxd5 Rxd5 34. Bxd5 Nd6 35. Kf2 Kf8 36. Ke3 Ke7 37. g4 f6 38. Kd4 Kd7 39. Be4 h6 40. Kd5 b6 41. Bh7 Nb7 42. Bf5+ Kc7 43. Ke6 g5 44. fxg5 fxg5 45. Kf6 Kd6 46. Kg6 Ke5 47. Kxh6 Kf6 48. Be4 Nc5 49. Bd5 Nd3 50. h4 gxh4 51. g5+ Kf5 52. g6 Ne5 53. g7 Ng4+ 54. Kh5 h3 55. g8Q Nf6+ 56. Kh4 Nxg8 57. Bxg8 h2 58. Bd5 Ke5 59. Bh1 Kd4 60. Kh3 Kc3 61. Kxh2 Kxb3 62. Bc6 1-0

[Event "EU-ch (Women) 16th"]
[Site "Chakvi"]
[Date "2015.05.22"]
[Round "4"]
[White "Zhorzholiani, Meri"]
[Black "Bodnaruk, Anastasia"]
[Result "0-1"]
[WhiteElo "2071"]
[BlackElo "2402"]
[PlyCount "90"]
[EventDate "2015.05.19"]
[EventType "swiss"]
[EventRounds "11"]
[EventCountry "GEO"]
[SourceTitle "CBM 166 Extra"]
[Source "ChessBase"]
[SourceDate "2015.06.18"]
[SourceVersion "1"]
[SourceVersionDate "2015.06.18"]
[SourceQuality "1"]

1. d4 d6 2. e4 Nf6 3. Nc3 g6 4. Nf3 Bg7 5. h3 c6 6. Be3 b5 7. e5 dxe5 8. dxe5 Qxd1+ 9. Rxd1 Nfd7 10. Bf4 0-0 11. Be2 Nc5 12. 0-0 b4 13. Nb1 Ne6 14. Bg3 Nd7 15. Rfe1 a5 16. Bf1 Nb6 17. Nbd2 Ba6 18. Bxa6 Rxa6 19. Ne4 c5 20. Nfg5 Nxg5 21. Nxg5 Ra7 22. Ne4 Rc8 23. f4 Rac7 24. Bf2 e6 25. g3 Bf8 26. Kg2 Be7 27. c3 Na4 28. b3 Nxc3 29. Nxc3 bxc3 30. Rc1 c4 31. Bb6 Rb7 32. Bxa5 cxb3 33. axb3 Rxb3 34. Re3 Rb2+ 35. Kf3 c2 36. Ke2 Ra2 37. Rc3 Rxc3 38. Bxc3 Ba3 39. Kd2 Bxc1+ 40. Kxc1 Kg7 41. Bb2 g5 42. fxg5 Kg6 43. h4 Kf5 44. Kxc2 Kg4 45. Kb3 Rxb2+ 0-1

[Event "GEO-ch (Women) 72nd"]
[Site "Tbilisi"]
[Date "2015.01.16"]
[Round "6"]
[White "Zhorzholiani, Meri"]
[Black "Khotenashvili, Bela"]
[Result "1/2-1/2"]
[WhiteElo "2073"]
[BlackElo "2526"]
[PlyCount "122"]
[EventDate "2015.01.10"]
[EventType "tourn"]
[EventRounds "9"]
[EventCountry "GEO"]
[EventCategory "4"]
[SourceTitle "CBM 164 Extra"]
[Source "ChessBase"]
[SourceDate "2015.03.02"]
[SourceVersion "1"]
[SourceVersionDate "2015.03.02"]
[SourceQuality "1"]

1. e4 c6 2. d4 d5 3. exd5 cxd5 4. Bd3 Nc6 5. c3 Qc7 6. Ne2 Bg4 7. 0-0 e6 8. Bf4 Bd6 9. Bxd6 Qxd6 10. Qb3 Nge7 11. Re1 0-0 12. Nd2 Rab8 13. a4 Bh5 14. a5 f6 15. Qa3 Qc7 16. Ng3 Bf7 17. Qa4 h5 18. Qd1 h4 19. Nh5 f5 20. Qf3 Ng6 21. g4 hxg3 22. hxg3 Qd8 23. Nf4 Nxf4 24. Qxf4 g5 25. Qe3 Qf6 26. Kg2 Kg7 27. f4 g4 28. b4 Rh8 29. Rh1 Rxh1 30. Rxh1 b6 31. a6 Rc8 32. Nb1 Be8 33. Qg1 Bg6 34. Qe3 Be8 35. Qg1 Ne7 36. Qh2 Bg6 37. Qh4 Qxh4 38. Rxh4 Be8 39. Rh1 Ba4 40. Re1 Bd7 41. Rc1 Rc7 42. Na3 Nc8 43. b5 Nd6 44. Kf2 Kf6 45. Rc2 Be8 46. Rc1 Bg6 47. Kg2 Be8 48. Kf2 Rh7 49. Kg2 Bg6 50. Nc2 Be8 51. Na3 Ne4 52. Bxe4 fxe4 53. Re1 Rc7 54. Re3 Bg6 55. Kf2 Ke7 56. Kg2 Kd6 57. Kf2 Be8 58. Kf1 Rh7 59. Kg2 Bg6 60. Nc2 Rc7 61. Na3 Be8 1/2-1/2

[Event "GEO-ch (Women) 72nd"]
[Site "Tbilisi"]
[Date "2015.01.10"]
[Round "1"]
[White "Zhorzholiani, Meri"]
[Black "Vakhania, Alexandra"]
[Result "1-0"]
[WhiteElo "2073"]
[BlackElo "2145"]
[PlyCount "157"]
[EventDate "2015.01.10"]
[EventType "tourn"]
[EventRounds "9"]
[EventCountry "GEO"]
[EventCategory "4"]
[SourceTitle "CBM 164 Extra"]
[Source "ChessBase"]
[SourceDate "2015.03.02"]
[SourceVersion "1"]
[SourceVersionDate "2015.03.02"]
[SourceQuality "1"]

1. e4 c6 2. d4 d5 3. exd5 cxd5 4. Bd3 Nf6 5. Ne2 Nc6 6. c3 Bg4 7. 0-0 e6 8. Bf4 Bd6 9. Bxd6 Qxd6 10. Qc2 Bh5 11. Nd2 0-0 12. Rfe1 Rfc8 13. Qb3 Na5 14. Qa4 Qc7 15. Ng3 Bg6 16. Bxg6 hxg6 17. Qd1 b5 18. Rc1 Nc4 19. b3 Nd6 20. Qf3 a5 21. h4 Ra6 22. h5 gxh5 23. Nxh5 Nxh5 24. Qxh5 g6 25. Qe5 Rc6 26. Re3 Nf5 27. Qxc7 R6xc7 28. Rd3 Nd6 29. Nb1 b4 30. Kf1 Nb5 31. Ke2 bxc3 32. Rc2 Kg7 33. a4 Nd6 34. Rdxc3 Rxc3 35. Rxc3 Rb8 36. Na3 Ne4 37. Rd3 Rc8 38. f3 Nd6 39. Kd2 Kf6 40. Rc3 Rb8 41. Nc2 Nf5 42. g4 Nh4 43. Ke2 g5 44. b4 axb4 45. Rb3 Ke7 46. Nxb4 Kd6 47. a5 Rb5 48. a6 Ra5 49. Rc3 Ng6 50. Rc6+ Kd7 51. Rb6 Ne7 52. Rb7+ Kd6 53. Rxe7 Rxa6 54. Nxa6 Kxe7 55. Nc5 Kd6 56. Ke3 e5 57. Nb7+ Kc7 58. Nc5 Kd6 59. Nd3 f6 60. dxe5+ fxe5 61. Nf2 Ke6 62. Kd3 Kf6 63. Kc3 Ke6 64. Kd3 Kf7 65. Nd1 Kf6 66. Nc3 Ke6 67. Nb5 Ke7 68. Nc7 Kd6 69. Ne8+ Ke7 70. Ng7 Kf7 71. Nf5 Kf6 72. Kc3 Ke6 73. Ng3 Kd6 74. Ne2 Kc5 75. Ng1 e4 76. fxe4 dxe4 77. Nh3 Kd5 78. Nxg5 Ke5 79. Nh3 1-0

[Event "EU-ch (Women) 12th"]
[Site "Tbilisi"]
[Date "2011.05.08"]
[Round "2"]
[White "Zhorzholiani, Meri"]
[Black "Kakutia, Ada"]
[Result "1/2-1/2"]
[WhiteElo "2136"]
[BlackElo "1727"]
[PlyCount "93"]
[EventDate "2011.05.07"]
[EventType "swiss"]
[EventRounds "11"]
[EventCountry "GEO"]
[SourceTitle "CBM 142 Extra"]
[Source "ChessBase"]
[SourceDate "2011.06.27"]
[SourceVersion "1"]
[SourceVersionDate "2011.06.27"]
[SourceQuality "1"]

1. c4 Nf6 2. Nf3 e6 3. g3 b6 4. Bg2 Bb7 5. Nc3 Be7 6. 0-0 0-0 7. Re1 d5 8. cxd5 exd5 9. d4 Ne4 10. Ne5 Nd7 11. Nxe4 dxe4 12. Qc2 Nxe5 13. dxe5 Qd5 14. Rd1 Qxe5 15. Bf4 Qe6 16. Qxc7 Ba6 17. Qd7 Bxe2 18. Qxe6 fxe6 19. Rd7 Bf6 20. Bxe4 Rad8 21. Rxa7 Bxb2 22. Re1 Bc4 23. Bc7 Rd7 24. Bxb6 Rxa7 25. Bxa7 Bf6 26. a4 Bd8 27. Rb1 Ba5 28. Bb6 Bxb6 29. Rxb6 Rd8 30. a5 Rd1+ 31. Kg2 Re1 32. Kf3 Ra1 33. Rb8+ Kf7 34. Ra8 Ra3+ 35. Kf4 Kf6 36. Bb7 Be2 37. Rf8+ Ke7 38. Rg8 Kf6 39. Rf8+ Ke7 40. Ra8 Kf6 41. Bg2 h5 42. h4 Bd3 43. Rf8+ Ke7 44. Rg8 Kf6 45. Rf8+ Ke7 46. Ra8 Kf6 47. Rf8+ 1/2-1/2

[Event "Tbilisi Chiburdanidze Cup"]
[Site "Tbilisi"]
[Date "2009.06.12"]
[Round "8"]
[White "Zhorzholiani, Meri"]
[Black "Vakhania, Alexandra"]
[Result "0-1"]
[WhiteElo "2135"]
[BlackElo "2150"]
[PlyCount "62"]
[EventDate "2009.06.05"]
[EventType "swiss"]
[EventRounds "9"]
[EventCountry "GEO"]
[SourceTitle "CBM 130 Extra"]
[Source "ChessBase"]
[SourceDate "2009.07.02"]
[SourceVersion "2"]
[SourceVersionDate "2009.07.15"]
[SourceQuality "1"]

1. Nf3 d5 2. g3 Nf6 3. Bg2 g6 4. 0-0 Bg7 5. d4 0-0 6. Nbd2 b6 7. b3 Bb7 8. Bb2 e6 9. c4 Ne4 10. Qc2 Nd7 11. Nxe4 dxe4 12. Ne5 f5 13. Rfd1 Nxe5 14. dxe5 Qe7 15. a4 Rfd8 16. Rxd8+ Rxd8 17. a5 a6 18. e3 Rd3 19. axb6 cxb6 20. Rd1 Qd7 21. Rxd3 exd3 22. Qd2 Bxg2 23. Kxg2 b5 24. f3 bxc4 25. bxc4 Qb7 26. Kf2 Bf8 27. Qc1 Qb3 28. Qc3 Qd1 29. Bc1 Bc5 30. Qe1 Qc2+ 31. Bd2 Bb4 0-1

[Event "Tbilisi Chiburdanidze Cup"]
[Site "Tbilisi"]
[Date "2009.06.11"]
[Round "7"]
[White "Arabidze, Meri"]
[Black "Zhorzholiani, Meri"]
[Result "1/2-1/2"]
[WhiteElo "2258"]
[BlackElo "2135"]
[PlyCount "140"]
[EventDate "2009.06.05"]
[EventType "swiss"]
[EventRounds "9"]
[EventCountry "GEO"]
[SourceTitle "CBM 130 Extra"]
[Source "ChessBase"]
[SourceDate "2009.07.02"]
[SourceVersion "2"]
[SourceVersionDate "2009.07.15"]
[SourceQuality "1"]

1. d4 d6 2. Nf3 g6 3. c4 Bg7 4. g3 Nd7 5. Bg2 e5 6. Nc3 Ne7 7. 0-0 0-0 8. e4 exd4 9. Nxd4 Nc6 10. Nde2 a5 11. b3 Nc5 12. Be3 a4 13. Rb1 axb3 14. axb3 f5 15. b4 Nxe4 16. Nxe4 fxe4 17. Bxe4 Bf5 18. Bxf5 Rxf5 19. b5 Na5 20. Nd4 Re5 21. Qd3 Qd7 22. h4 b6 23. Nf3 Rf5 24. Bd4 Raf8 25. Ng5 Re8 26. Rbe1 Bxd4 27. Qxd4 Rfe5 28. Rxe5 Rxe5 29. f4 Qg4 30. Qd3 Qe2 31. Qxe2 Rxe2 32. h5 Kg7 33. hxg6 hxg6 34. Rc1 Kf6 35. Kf1 Rb2 36. g4 Rb4 37. Ne4+ Ke7 38. Nd2 d5 39. cxd5 Rxf4+ 40. Ke2 Rxg4 41. Rxc7+ Kd6 42. Rc8 Kxd5 43. Ke3 Rg1 44. Nf3 Rg2 45. Rc7 g5 46. Ne1 Rg4 47. Nd3 Re4+ 48. Kf3 g4+ 49. Kg2 Nc4 50. Nf2 Ne3+ 51. Kg3 Nf5+ 52. Kg2 Rb4 53. Rd7+ Ke6 54. Rb7 Rxb5 55. Nxg4 Kd6 56. Nf2 Kc6 57. Rh7 Nd6 58. Kf3 Rd5 59. Ke3 Nc4+ 60. Ke4 Rd6 61. Nd3 b5 62. Nb4+ Kc5 63. Nd3+ Kb6 64. Rh8 Na5 65. Rb8+ Nb7 66. Ke3 Kc7 67. Rh8 Na5 68. Kd2 b4 69. Rh4 b3 70. Kc3 Kc6 1/2-1/2

[Event "Tbilisi Chiburdanidze Cup"]
[Site "Tbilisi"]
[Date "2009.06.07"]
[Round "3"]
[White "Hamdouchi, Adina Maria"]
[Black "Zhorzholiani, Meri"]
[Result "1-0"]
[WhiteElo "2314"]
[BlackElo "2135"]
[PlyCount "84"]
[EventDate "2009.06.05"]
[EventType "swiss"]
[EventRounds "9"]
[EventCountry "GEO"]
[SourceTitle "CBM 130 Extra"]
[Source "ChessBase"]
[SourceDate "2009.07.02"]
[SourceVersion "2"]
[SourceVersionDate "2009.07.15"]
[SourceQuality "1"]

1. d4 d6 2. Nf3 g6 3. Bf4 Bg7 4. e3 Nf6 5. c3 0-0 6. Be2 c6 7. 0-0 Qc7 8. h3 Nbd7 9. Nbd2 b5 10. a4 Rb8 11. Qc2 e5 12. Bh2 Nd5 13. axb5 cxb5 14. Qb3 Ne7 15. Qa3 Bb7 16. dxe5 Nxe5 17. Rfd1 a6 18. Nxe5 dxe5 19. Bf3 Nc6 20. Ne4 Rfd8 21. Qa2 Qe7 22. Bg3 Rxd1+ 23. Rxd1 Rd8 24. Rxd8+ Nxd8 25. b4 Ne6 26. Qd2 f6 27. h4 Kh8 28. h5 Bf8 29. hxg6 hxg6 30. Qd1 Kg7 31. Bh4 g5 32. Ng3 Qd8 33. Nf5+ Kf7 34. Bh5+ Kg8 35. Qg4 Bc8 36. Bg3 Bg7 37. Qe4 Qd7 38. Bf3 Bf8 39. Qc2 Nc7 40. Bg4 Qf7 41. e4 Bxf5 42. Bxf5 Bd6 1-0

[Event "Tbilisi Chiburdanidze Cup"]
[Site "Tbilisi"]
[Date "2009.06.05"]
[Round "1"]
[White "Muzychuk, Anna"]
[Black "Zhorzholiani, Meri"]
[Result "1-0"]
[WhiteElo "2533"]
[BlackElo "2135"]
[PlyCount "39"]
[EventDate "2009.06.05"]
[EventType "swiss"]
[EventRounds "9"]
[EventCountry "GEO"]
[SourceTitle "CBM 130 Extra"]
[Source "ChessBase"]
[SourceDate "2009.07.02"]
[SourceVersion "2"]
[SourceVersionDate "2009.07.15"]
[SourceQuality "1"]

1. e4 d6 2. d4 Nf6 3. Nc3 g6 4. Bg5 c6 5. Qd2 Bg7 6. Bh6 Bxh6 7. Qxh6 Nbd7 8. 0-0-0 Qa5 9. Nf3 b5 10. e5 dxe5 11. dxe5 Ng4 12. Qf4 b4 13. Bc4 Ndxe5 14. Nxe5 Nxe5 15. Nd5 f6 16. Nxf6+ exf6 17. Qxf6 Rf8 18. Qg7 Bd7 19. Rhe1 0-0-0 20. Rxe5 1-0

[Event "Wch U18 Girls"]
[Site "Vung Tau"]
[Date "2008.10.28"]
[Round "9"]
[White "Zhorzholiani, Meri"]
[Black "Golubenko, Valentina"]
[Result "1/2-1/2"]
[WhiteElo "2122"]
[BlackElo "2273"]
[PlyCount "58"]
[EventDate "2008.10.20"]
[EventType "swiss"]
[EventRounds "11"]
[EventCountry "VIE"]
[SourceTitle "EXT 2009"]
[Source "ChessBase"]
[SourceDate "2008.11.26"]
[SourceVersion "1"]
[SourceVersionDate "2008.11.26"]
[SourceQuality "1"]

1. Nf3 Nf6 2. g3 g6 3. Bg2 Bg7 4. d4 0-0 5. 0-0 d5 6. Nbd2 Nc6 7. b3 e5 8. Nxe5 Nxe5 9. dxe5 Ng4 10. Nf3 Nxe5 11. Nxe5 Bxe5 12. Rb1 Be6 13. Bb2 Bxb2 14. Rxb2 Qf6 15. Rb1 Rad8 16. Qd2 Bf5 17. Rbd1 Rfe8 18. Rfe1 Qa6 19. c3 Rd6 20. Qb2 Be4 21. Rd2 Qc6 22. Rd4 Bxg2 23. Kxg2 Re4 24. Red1 Qd7 25. Rxe4 dxe4 26. Rd4 Rxd4 27. cxd4 Qd5 28. Qc3 c6 29. Kg1 Qb5 1/2-1/2

[Event "Wch U18 Girls"]
[Site "Vung Tau"]
[Date "2008.10.27"]
[Round "8"]
[White "Gevorgyan, Irina"]
[Black "Zhorzholiani, Meri"]
[Result "1/2-1/2"]
[WhiteElo "2179"]
[BlackElo "2122"]
[PlyCount "82"]
[EventDate "2008.10.20"]
[EventType "swiss"]
[EventRounds "11"]
[EventCountry "VIE"]
[SourceTitle "EXT 2009"]
[Source "ChessBase"]
[SourceDate "2008.11.26"]
[SourceVersion "1"]
[SourceVersionDate "2008.11.26"]
[SourceQuality "1"]

1. d4 Nf6 2. c4 e6 3. Nc3 Bb4 4. Qc2 0-0 5. a3 Bxc3+ 6. Qxc3 b6 7. Bg5 Bb7 8. e3 d6 9. Ne2 Nbd7 10. Qc2 c5 11. Rd1 Rc8 12. Nc3 Qe7 13. d5 a6 14. Be2 Rfe8 15. 0-0 Qf8 16. e4 Rb8 17. a4 h6 18. Bh4 g5 19. Bg3 e5 20. Rde1 Qg7 21. Nd1 Nf8 22. Ne3 Bc8 23. Nf5 Bxf5 24. exf5 N8d7 25. Rd1 Rec8 26. Rfe1 Ne8 27. f3 Qf6 28. Bf2 Rb7 29. h4 Qg7 30. hxg5 hxg5 31. Be3 f6 32. Kf2 Nc7 33. b3 Kf7 34. Rh1 Rbb8 35. Qc1 Rh8 36. Rxh8 Rxh8 37. Rh1 a5 38. g3 Rh7 39. Kg2 Qh8 40. Rxh7+ Qxh7 41. Qc2 Ne8 1/2-1/2

[Event "Wch U18 Girls"]
[Site "Vung Tau"]
[Date "2008.10.22"]
[Round "3"]
[White "Nemcova, Katerina"]
[Black "Zhorzholiani, Meri"]
[Result "0-1"]
[WhiteElo "2369"]
[BlackElo "2122"]
[PlyCount "80"]
[EventDate "2008.10.20"]
[EventType "swiss"]
[EventRounds "11"]
[EventCountry "VIE"]
[SourceTitle "EXT 2009"]
[Source "ChessBase"]
[SourceDate "2008.11.26"]
[SourceVersion "1"]
[SourceVersionDate "2008.11.26"]
[SourceQuality "1"]

1. e4 c5 2. Nf3 d6 3. d4 cxd4 4. Nxd4 Nf6 5. Nc3 Nc6 6. Bg5 e6 7. Qd2 Qb6 8. Nb3 Be7 9. 0-0-0 0-0 10. f3 Rd8 11. Nb5 Rd7 12. Qe1 a6 13. N5d4 Nxd4 14. Nxd4 Qc7 15. g4 b5 16. h4 Bb7 17. Bd3 Rc8 18. Kb1 Bd8 19. Qg3 Ba8 20. Rhe1 Qa7 21. Nb3 b4 22. f4 a5 23. Bxf6 Bxf6 24. e5 dxe5 25. fxe5 Bd8 26. g5 a4 27. Nc1 a3 28. b3 Bb6 29. Rf1 Qc7 30. h5 Bg2 31. c4 Bxf1 32. Rxf1 Bd4 33. Re1 Qc5 34. Qf4 Bc3 35. Re2 Rcd8 36. Bc2 Bb2 37. Bxh7+ Kxh7 38. g6+ Kg8 39. Rf2 Qd4 40. gxf7+ Kf8 0-1

[Event "EU-ch U18 Girls 18th"]
[Site "Herceg Novi"]
[Date "2008.09.21"]
[Round "6"]
[White "Vladimirova, Maria"]
[Black "Zhorzholiani, Meri"]
[Result "1/2-1/2"]
[WhiteElo "2009"]
[BlackElo "2136"]
[PlyCount "78"]
[EventDate "2008.09.15"]
[EventType "swiss"]
[EventRounds "9"]
[EventCountry "MNE"]
[SourceTitle "CBM 126 Extra"]
[Source "ChessBase"]
[SourceDate "2008.11.05"]
[SourceVersion "1"]
[SourceVersionDate "2008.11.05"]
[SourceQuality "1"]

1. e4 c5 2. Nf3 d6 3. Bb5+ Bd7 4. Bxd7+ Qxd7 5. 0-0 Nc6 6. c3 Nf6 7. Re1 e6 8. d4 cxd4 9. cxd4 d5 10. e5 Ne4 11. Nbd2 Nxd2 12. Bxd2 Be7 13. Rc1 0-0 14. a3 a5 15. Rc3 f6 16. exf6 Bxf6 17. Bg5 Qf7 18. Bxf6 Qxf6 19. Rce3 Rae8 20. R1e2 Qh6 21. Ne5 Nxe5 22. Rxe5 Rc8 23. Re1 Qf4 24. Qe2 Qxd4 25. Rxe6 Rc6 26. Re8 Rcf6 27. Rxf8+ Rxf8 28. h3 Qc5 29. Rd1 Kh8 30. Qd2 Rd8 31. Qg5 Qd6 32. Rd4 h6 33. Qd2 b6 34. Qd3 Re8 35. Qd2 Rd8 36. Qd3 Qe5 37. Qd2 Rd7 38. Qe3 Qd6 39. Qd2 Kg8 1/2-1/2

[Event "EU-ch U18 Girls 18th"]
[Site "Herceg Novi"]
[Date "2008.09.17"]
[Round "3"]
[White "Zhorzholiani, Meri"]
[Black "Orehek, Spela"]
[Result "1-0"]
[WhiteElo "2136"]
[BlackElo "1886"]
[PlyCount "85"]
[EventDate "2008.09.15"]
[EventType "swiss"]
[EventRounds "9"]
[EventCountry "MNE"]
[SourceTitle "CBM 126 Extra"]
[Source "ChessBase"]
[SourceDate "2008.11.05"]
[SourceVersion "1"]
[SourceVersionDate "2008.11.05"]
[SourceQuality "1"]

1. Nf3 d5 2. g3 Bg4 3. Bg2 c6 4. 0-0 Nd7 5. d4 Ngf6 6. b3 e6 7. Bb2 Bd6 8. Nbd2 0-0 9. c4 Re8 10. Ne5 Bf5 11. f3 Qc7 12. Nxd7 Qxd7 13. e4 dxe4 14. fxe4 Bg4 15. Qe1 e5 16. c5 Bc7 17. Qf2 b5 18. a4 exd4 19. axb5 cxb5 20. c6 Qe7 21. Bxd4 Be5 22. Ra2 Red8 23. Bxe5 Qxe5 24. Rc1 Be6 25. c7 Rdc8 26. Rc5 Ng4 27. Rxe5 Nxf2 28. Kxf2 Rxc7 29. Rxb5 Rd8 30. Nf3 h6 31. Rd2 Rdc8 32. Nd4 Bd7 33. Ra5 Rb8 34. Bf1 Re8 35. Kf3 g6 36. Bc4 h5 37. Rda2 Bg4+ 38. Kf4 Ree7 39. Nb5 Rc5 40. Rxa7 g5+ 41. Ke3 Rce5 42. Rxe7 Rxe7 43. Ra7 1-0

[Event "EU-ch (Women) 9th"]
[Site "Plovdiv"]
[Date "2008.04.26"]
[Round "6"]
[White "Lubbe, Melanie"]
[Black "Zhorzholiani, Meri"]
[Result "1-0"]
[WhiteElo "2248"]
[BlackElo "2133"]
[PlyCount "69"]
[EventDate "2008.04.21"]
[EventType "swiss"]
[EventRounds "11"]
[EventCountry "BUL"]
[SourceTitle "CBM 123 Extra"]
[Source "ChessBase"]
[SourceDate "2008.05.06"]
[SourceVersion "1"]
[SourceVersionDate "2008.05.06"]
[SourceQuality "1"]

1. e4 c5 2. Nf3 d6 3. d4 cxd4 4. Nxd4 Nf6 5. Nc3 Nc6 6. Be2 Nxd4 7. Qxd4 g6 8. 0-0 Bg7 9. Bg5 0-0 10. Qd2 Be6 11. Bf3 Rc8 12. Rfe1 Re8 13. Nd5 Bxd5 14. exd5 Qc7 15. c3 Qc4 16. Re2 Kf8 17. g3 a6 18. h4 b5 19. h5 Ng8 20. Re4 Qc7 21. hxg6 hxg6 22. Kg2 Rb8 23. Rh1 a5 24. Bh6 Nxh6 25. Rxh6 b4 26. c4 e5 27. dxe6 f5 28. Reh4 Bxh6 29. Qxh6+ Qg7 30. Qe3 Rbc8 31. Bd5 Rc5 32. Qf4 Rd8 33. Qg5 Re8 34. Rh6 Rxd5 35. Rxg6 1-0

[Event "EU-ch (Women) 9th"]
[Site "Plovdiv"]
[Date "2008.04.25"]
[Round "5"]
[White "Zhorzholiani, Meri"]
[Black "Bakalarz, Grazyna"]
[Result "1-0"]
[WhiteElo "2133"]
[BlackElo "2006"]
[PlyCount "65"]
[EventDate "2008.04.21"]
[EventType "swiss"]
[EventRounds "11"]
[EventCountry "BUL"]
[SourceTitle "CBM 123 Extra"]
[Source "ChessBase"]
[SourceDate "2008.05.06"]
[SourceVersion "1"]
[SourceVersionDate "2008.05.06"]
[SourceQuality "1"]

1. d4 d6 2. e4 Nf6 3. f3 g6 4. Be3 Bg7 5. c4 0-0 6. Nc3 c6 7. Bd3 a6 8. Nge2 e5 9. d5 c5 10. Qd2 Ne8 11. g4 f6 12. Ng3 Bd7 13. a3 Nc7 14. b4 b6 15. 0-0 Be8 16. Rfb1 Nd7 17. Kg2 Rb8 18. h4 Rf7 19. Rb2 cxb4 20. axb4 Ra8 21. Na4 b5 22. Nc3 bxc4 23. Bxc4 Qb8 24. b5 axb5 25. Rxa8 Nxa8 26. Bxb5 Nf8 27. Bc6 Qc8 28. Nb5 Bxc6 29. Nxd6 Qc7 30. Nxf7 Be8 31. Nh6+ Bxh6 32. Bxh6 Qd6 33. Qa5 1-0

[Event "EU-ch (Women) 9th"]
[Site "Plovdiv"]
[Date "2008.04.23"]
[Round "3"]
[White "Franciskovic, Borka"]
[Black "Zhorzholiani, Meri"]
[Result "1-0"]
[WhiteElo "2240"]
[BlackElo "2133"]
[PlyCount "69"]
[EventDate "2008.04.21"]
[EventType "swiss"]
[EventRounds "11"]
[EventCountry "BUL"]
[SourceTitle "CBM 123 Extra"]
[Source "ChessBase"]
[SourceDate "2008.05.06"]
[SourceVersion "1"]
[SourceVersionDate "2008.05.06"]
[SourceQuality "1"]

1. c4 Nf6 2. Nc3 e6 3. e4 d6 4. d4 Nbd7 5. Nf3 c5 6. d5 e5 7. Be2 Be7 8. 0-0 0-0 9. Ne1 Ne8 10. Nd3 Bg5 11. Bg4 Bxc1 12. Rxc1 g6 13. f4 f5 14. Bh3 Ng7 15. Qe2 exf4 16. Nxf4 Ne5 17. exf5 Bxf5 18. Bxf5 Rxf5 19. Ne6 Qh4 20. Ne4 Nxe6 21. dxe6 Raf8 22. Rfd1 Rf4 23. Nxd6 Rg4 24. Rf1 Qg5 25. Ne4 Qe7 26. Rxf8+ Kxf8 27. Rf1+ Kg7 28. Nf6 Rg5 29. h4 Rf5 30. Rxf5 gxf5 31. Nh5+ Kh6 32. Qxe5 Kxh5 33. Qxf5+ Kxh4 34. Qf4+ Kh5 35. Qf7+ 1-0